[Ochrana prírodných liečebných kúpeľov v Slovenskej republike]
Recenzia na monografiu Dariny Eliašovej, v ktorej autorka D. Eliašová reaguje na rozvoj trhu kúpeľníctva a poukazuje na potrebu ochrany slovenských prírodných liečebných kúpeľov. Monografia sumarizuje doterajšie poznatky o slovenských kúpeľoch, ktorých existenciu podmieňujú prírodné liečivé zdroje....
Gespeichert in:
| 1. Verfasser: | |
|---|---|
| Format: | Buchkapitel |
| Sprache: | Slowakisch |
| Schlagworte: | |
| Tags: |
Keine Tags, Fügen Sie das erste Tag hinzu!
|
MARC
| LEADER | 00000naa$a2200000$$$4500 | ||
|---|---|---|---|
| 001 | 0085627 | ||
| 005 | 20231016073152.7 | ||
| 041 | 0 | |a slo | |
| 044 | |a SK | ||
| 245 | 1 | 0 | |a [Ochrana prírodných liečebných kúpeľov v Slovenskej republike] |c Kristína Pompurová |
| 520 | |a Recenzia na monografiu Dariny Eliašovej, v ktorej autorka D. Eliašová reaguje na rozvoj trhu kúpeľníctva a poukazuje na potrebu ochrany slovenských prírodných liečebných kúpeľov. Monografia sumarizuje doterajšie poznatky o slovenských kúpeľoch, ktorých existenciu podmieňujú prírodné liečivé zdroje. Ochrana prírodných liečebných kúpeľov je nevyhnutná nielen z hľadiska ochrany zdravia obyvateľstva, ale aj z hľadiska rozvoja kúpeľného cestovného ruchu. | ||
| 610 | 2 | 0 | |a ruch cestovný kúpeľný |
| 610 | 2 | 0 | |a kúpeľníctvo |
| 610 | 2 | 0 | |a zdravie |
| 610 | 2 | 0 | |a ochrana zdravia |
| 610 | 2 | 0 | |a zdroje prírodné |
| 610 | 2 | 0 | |a podnikanie |
| 610 | 2 | 0 | |a protekcionizmus |
| 610 | 2 | 0 | |a klienti |
| 610 | 2 | 0 | |a legislatíva |
| 610 | 2 | 0 | |a recenzie |
| 100 | 1 | |a Pompurová, Kristína | |